स्त्री विमर्श का यथार्थ (Record no. 57888)
[ view plain ]
| 000 -LEADER | |
|---|---|
| fixed length control field | 00549nam a22001697a 4500 |
| 003 - CONTROL NUMBER IDENTIFIER | |
| control field | MACL |
| 005 - DATE AND TIME OF LATEST TRANSACTION | |
| control field | 20180422160040.0 |
| 008 - FIXED-LENGTH DATA ELEMENTS--GENERAL INFORMATION | |
| fixed length control field | 180422b xxu||||| |||| 00| 0 eng d |
| 040 ## - CATALOGING SOURCE | |
| Transcribing agency | MACL |
| 082 ## - DEWEY DECIMAL CLASSIFICATION NUMBER | |
| Classification number | 300 |
| 100 ## - MAIN ENTRY--PERSONAL NAME | |
| Personal name | ममता कालिया |
| 9 (RLIN) | 72267 |
| 245 ## - TITLE STATEMENT | |
| Title | स्त्री विमर्श का यथार्थ |
| 260 ## - PUBLICATION, DISTRIBUTION, ETC. (IMPRINT) | |
| Place of publication, distribution, etc. | नई दिल्ली |
| Name of publisher, distributor, etc. | किताब घर |
| Date of publication, distribution, etc. | 2015 |
| 600 ## - SUBJECT ADDED ENTRY--PERSONAL NAME | |
| Personal name | ममता कालिया |
| 9 (RLIN) | 72267 |
| 610 ## - SUBJECT ADDED ENTRY--CORPORATE NAME | |
| Corporate name or jurisdiction name as entry element | समाज शास्त्र |
| 9 (RLIN) | 72269 |
| 942 ## - ADDED ENTRY ELEMENTS (KOHA) | |
| Source of classification or shelving scheme | |
| Koha item type | Hindi Books |
| Withdrawn status | Lost status | Source of classification or shelving scheme | Damaged status | Not for loan | Home library | Current library | Date acquired | Cost, normal purchase price | Total Checkouts | Full call number | Barcode | Date last seen | Price effective from | Koha item type |
|---|---|---|---|---|---|---|---|---|---|---|---|---|---|---|
| MACL | MACL | 22/04/2018 | 170.00 | 300/KAL | CRH034109 | 22/04/2018 | 22/04/2018 | Hindi Books |









